000 00432nam a2200181Ia 4500
001 7980
005 20260306160535.0
008 260306t2016||||xx |||||||||||||| ||spa||
041 _aESP
082 _a365.98
_bC265
100 _aConstant, Chloé
_eAUT
245 0 _aPensar las cárceles de América Latina
260 _c2016
300 _a336 páginas :
_c24 cm.
650 _aGEN
654 _aCHU
942 _cLIB
_dJUS
_fJUS
_2ddc
_n
999 _c7980
_d7980